Guess the Taylor Swift Song with No Hints - 35 - Statistics

General Stats
  • This quiz has been taken 62 times
  • The average score is 215 of 289
Answer Stats
Answer % Correct
a
100%
I
100%
it
98%
the
98%
you
96%
is
94%
love
94%
in
92%
In
92%
me,
92%
my
92%
so
92%
to
92%
To
92%
your
92%
And
90%
and
90%
When
90%
you're
90%
all
88%
be
88%
go
88%
like
88%
Like
88%
was
88%
Was
88%
it's
86%
no
86%
of
86%
That
86%
that
86%
there
86%
as
84%
I'd
84%
on
84%
they
84%
But
82%
could
82%
never
82%
ever
80%
him
80%
Oh,
80%
Oh
80%
down
76%
head
76%
Loving
76%
loving
76%
red
76%
see
76%
know
73%
alone
71%
Burning
71%
burning
71%
Burning,
71%
dark
71%
known
71%
Somebody
71%
there's
71%
trying
71%
blue,
69%
dead
69%
end
69%
gray,
69%
just
69%
met
69%
new
69%
out
69%
street
69%
why
69%
with
69%
driving
67%
Forgetting
65%
from
65%
Missing
65%
right
65%
time
65%
wanted
65%
front
63%
let
63%
Losing
63%
losing
63%
Maserati
63%
still
63%
Yeah,
63%
yeah,
63%
yeah
63%
answer
61%
now
61%
Tell
61%
that's
61%
gotta
59%
back
57%
His
57%
song
57%
than
57%
comes
55%
Comes
55%
favorite
55%
Fighting
55%
impossible
55%
knowing
55%
echoes
53%
realizing
53%
solve
53%
suddenly
53%
crossword
51%
found
51%
lose
51%
moving
51%
wind,
51%
words
51%
easy
49%
flashbacks
49%
myself
49%
sin,
49%
before
47%
bright,
47%
'Cause
47%
ending
47%
mind
47%
old
47%
autumn,
45%
Faster
45%
free
45%
he's
45%
strong
45%
wishing
45%
colors
43%
fall
43%
Memorizing
43%
passionate
43%
Once
39%
Remembering
37%
through
37%
flying
35%
Touching
33%
change
29%
Regretting
29%
'round
27%
spinning
24%
No matching quizzes found
Score Distribution
Percent of People with Each Score
Percentile by Number Answered
Your Score History
You have not taken this quiz